Assassins Creed Games - Statistiken

Allgemein
  • Dieses Quiz wurde 739 mal gespielt
  • Das Durchschnittsergebnis liegt bei 12 aus 22
Antwortstatistiken
Hints Antwort % Korrekt
2009 PS3, PS4 Assassin’s Creed II
94%
2013 PS3, PS4 Assassin’s Creed IV: Black Flag
94%
2012 PS3, PS4 Assassin’s Creed III
91%
2020 PS4, PS5 Assassin’s Creed Valhalla
90%
2007 PS3/Xbox 360 Assassin’s Creed
87%
2017 PS4 Assassin’s Creed Origins
83%
2010 PS3, PS4 Assassin’s Creed: Brotherhood
78%
2014 PS4 Assassin’s Creed Unity
77%
2018 PS4 Assassin’s Creed Odyssey
73%
2015 PS4 Assassin’s Creed Syndicate
72%
2011 PS3, PS4 Assassin’s Creed: Revelations
56%
2014 PS3, PS4 Assassin’s Creed Rogue
54%
2015 PS4 Assassin’s Creed Chronicles: China
41%
2016 PS4 Assassin’s Creed Chronicles: India
33%
2016 PS4 Assassin’s Creed Chronicles: Russia
33%
2012 PS3, PS4 Assassin’s Creed III: Liberation
32%
2008 Nintendo DS Assassin’s Creed: Altaïr’s Chronicles
27%
2009 PSP Assassin’s Creed: Bloodlines
14%
2018 Android Assassin’s Creed Rebellion
12%
2016 Android Assassin’s Creed Identity
10%
2013 Windows Assassin’s Creed Pirates
10%
2009 Nintendo DS Assassin’s Creed II: Discovery
9%
Keine übereinstimmenden Quizze gefunden
Verteilung der Resultate
Anzahl Personen mit jedem Resultat
Perzentil nach korrekt beantworteten Fragen
Ihre Resultats-Entwicklung
Sie haben dieses Quiz noch nicht gespielt